Science Quiz

Random Science or Numbers Quiz

Triangular Numbers Quiz Stats

 Plays Quiz Updated Oct 24, 2018

Score 0/50 Timer 03:00
6 Plays Today
To be added Sum % Correct
1+23
99.8%
11
99.7%
1+2+36
99.6%
1+2+3+410
99.2%
1+2+3+4+515
98.7%
1+2+3+4+5+621
98.2%
1+2+3+...+728
96.6%
1+2+3+...+836
95.7%
1+2+3+...+945
95%
1+2+3+...+1055
94.8%
1+2+3+...+1166
94.5%
1+2+3+...+1278
94.2%
1+2+3+...+1391
93.2%
1+2+3+...+14105
92.1%
1+2+3+...+15120
91.3%
1+2+3+...+16136
90.9%
1+2+3+...+17153
88.7%
1+2+3+...+18171
87.6%
1+2+3+...+19190
87.1%
1+2+3+...+20210
86.9%
1+2+3+...+21231
86.4%
1+2+3+...+22253
85.9%
1+2+3+...+23276
85.3%
1+2+3+...+24300
84.5%
1+2+3+...+25325
84.3%
To be added Sum % Correct
1+2+3+...+26351
83.3%
1+2+3+...+27378
82.2%
1+2+3+...+28406
80.1%
1+2+3+...+29435
78.6%
1+2+3+...+30465
77.9%
1+2+3+...+31496
76.8%
1+2+3+...+32528
73.9%
1+2+3+...+33561
71.4%
1+2+3+...+34595
69.5%
1+2+3+...+35630
67.1%
1+2+3+...+36666
65.7%
1+2+3+...+37703
60.8%
1+2+3+...+38741
58.5%
1+2+3+...+39780
55.9%
1+2+3+...+40820
54.4%
1+2+3+...+41861
52.9%
1+2+3+...+42903
50.2%
1+2+3+...+43946
48.2%
1+2+3+...+44990
45.4%
1+2+3+...+451035
42.4%
1+2+3+...+461081
38.6%
1+2+3+...+471128
33.8%
1+2+3+...+481176
30%
1+2+3+...+491225
25.2%
1+2+3+...+501275
23.9%

You're not logged in!

Compare scores with friends on all Sporcle quizzes.
OR
Log In

Sporcle TV

Today on Sporcle TV


Watch our educational content, quiz creation guides, and fun videos on Sporcle TV.

Show Comments

Extras

Top Quizzes Today


Score Distribution

Your Account Isn't Verified!

In order to create a playlist on Sporcle, you need to verify the email address you used during registration. Go to your Sporcle Settings to finish the process.

Report this User

Report this user for behavior that violates our Community Guidelines.

Details: